|
|
|
|
| LEADER |
01265nam a22003132a 4500 |
| 001 |
000187637 |
| 003 |
CZ BrMZK |
| 005 |
20090225084852.0 |
| 007 |
ta |
| 008 |
970107s1986 xr f cze d |
| 015 |
|
|
|a cnb000015872
|
| 035 |
|
|
|a (OCoLC)39411817
|
| 040 |
|
|
|a BOA001
|b cze
|
| 080 |
9 |
|
|a 371.68(075.8)
|
| 080 |
9 |
|
|a 378.4
|
| 100 |
1 |
|
|a Koťa, Jaroslav,
|d 1948-
|7 jn20000401461
|4 aut
|
| 245 |
1 |
0 |
|a Didaktická technika a modernizace výuky :
|b informační příručka pro přípravu učitelů /
|c Jaroslav Koťa, Ivana Jiroušková, Jiří Matuška
|
| 250 |
|
|
|a 1. vyd.
|
| 260 |
|
|
|a Praha :
|b Státní pedagogické nakladatelství,
|c 1986
|
| 300 |
|
|
|a 194 s.
|
| 550 |
|
|
|a Vydavatel: Univerzita Karlova v Praze, Filozofická fakulta
|
| 700 |
1 |
|
|a Jiroušková, Ivana,
|d 1946-
|7 mzk2007381882
|4 aut
|
| 700 |
1 |
|
|a Matuška, Jiří,
|c pedagog
|4 aut
|
| 710 |
2 |
|
|a Univerzita Karlova.
|b Filozofická fakulta
|7 kn20010710340
|
| 910 |
|
|
|a BOA001
|b PK-N-0025.480
|b 4-0905.406
|
| 964 |
|
|
|a Technika didaktická - učebnice - školy vysoké
|
| 990 |
|
|
|a BK
|
| 996 |
7 |
|
|b 3119946222
|c PK-N-0025.480
|l MZK
|r Sklad / do 1 hodiny
|n 11
|w 000187637
|u 000010
|a 1
|e BOA001
|j MZK50
|s A
|
| 996 |
6 |
|
|b BC-483506
|c 4-0905.406
|l MZK
|r Sklad / do 1 hodiny
|n 0
|w 000187637
|u 000020
|a 1
|e BOA001
|j MZK50
|s P
|